| 000 | 00765nam a22002417a 4500 | ||
|---|---|---|---|
| 999 |
_c6245 _d6245 |
||
| 003 | AR-CdUCM | ||
| 008 | 190314b ||||| |||| 00| 0 spa d | ||
| 040 |
_aMUNICIPALIDAD PROVINCIAL DEL CUSCO _cBIBLIOTECA MUNICIPAL DEL CUSCO |
||
| 082 |
_a869.56 / _bR666 |
||
| 100 |
_aRobles Alarcon, Manuel _917981 |
||
| 245 |
_aSara cosecho : _bLa cosecha del maíz / |
||
| 260 |
_aCuzco : _bH. G. Rozas, _c1940. |
||
| 300 |
_a326 páginas ; _c18 cm. |
||
| 500 | _aDonación de la familia Nieto | ||
| 505 | _aContenido: Runa simi i serranismo = Vocabulario 14 páginas | ||
| 650 |
_aNovela serrana _917982 |
||
| 650 |
_aLiteratura peruana _9169 |
||
| 650 |
_aPerú _935 |
||
| 650 |
_aNovela peruana _91234 |
||
| 650 |
_aSiglo XX _98 |
||
| 942 |
_2ddc _cLIBROS |
||
| 945 | _acmm | ||